| Tag |
First Indicator |
Second Indicator |
Subfields |
| LEADER |
00000cam a2200000 a 4500 |
| 001 |
in00000072455 |
| 005 |
20151008053421.0 |
| 008 |
800829s1980 iluak b 00110 engm |
| 010 |
|
|
|a 80125570
|z 80065518
|
| 035 |
|
|
|a (OCoLC)06709979
|
| 035 |
|
|
|9 AAH7370AM
|
| 040 |
|
|
|a DLC
|c DLC
|d m.c.
|d TXA
|d UtOrBLW
|
| 043 |
|
|
|a n-us---
|
| 049 |
|
|
|a TXAM
|c [1654527]
|
| 050 |
0 |
0 |
|a KF8776
|b .F43 vol. 1
|
| 082 |
0 |
|
|a 347.73/2034 s
|a 347.73/2434
|2 19
|
| 100 |
1 |
|
|a Berkson, Larry Charles.
|
| 245 |
1 |
4 |
|a The United States Circuit Judge Nominating Commission :
|b its members, procedures, and candidates /
|c Larry C. Berkson, Susan B. Carbon.
|
| 264 |
|
1 |
|a Chicago, Ill. :
|b American Judicature Society,
|c [1980]
|
| 264 |
|
4 |
|c ©1980
|
| 300 |
|
|
|a x, 260 pages :
|b illustrations,forms ;
|c 23 cm.
|
| 336 |
|
|
|a text
|b txt
|2 rdacontent
|
| 337 |
|
|
|a unmediated
|b n
|2 rdamedia
|
| 338 |
|
|
|a volume
|b nc
|2 rdacarrier
|
| 490 |
1 |
|
|a Federal judicial selection during the Carter administration ;
|v v. 1
|
| 504 |
|
|
|a Includes bibliographical references and index.
|
| 610 |
2 |
0 |
|a United States Circuit Judge Nominating Commission.
|
| 650 |
|
0 |
|a Judges
|z United States
|x Selection and appointment.
|
| 650 |
|
0 |
|a Circuit courts
|z United States.
|
| 700 |
1 |
|
|a Carbon, Susan B.
|
| 830 |
|
0 |
|a Federal judicial selection during the Carter administration ;
|v v. 1.
|
| 999 |
|
|
|a MARS
|
| 999 |
f |
f |
|s 342c9ae2-66f3-3b7c-a94a-182ba246aaf7
|i d463b97d-b9cf-335a-b251-90c7afda9e7b
|t 0
|
| 952 |
f |
f |
|p ric
|a Texas A&M University
|b Rellis Campus
|c Joint Library Facility
|d Remote Storage
|t 0
|e KF8776 .F43 vol. 1
|h Library of Congress classification
|i unmediated -- volume
|m A14806157250
|
| 998 |
f |
f |
|a KF8776 .F43 vol. 1
|t 0
|l Remote Storage
|